banner-ar

DEUTSCHLAND : STADTE UND LANDSCHAFTEN / (Record no. 25424)

MARC details
000 -الفاتح
حقل البيانات ثابتة الطول 00427nam a2200169Ia 4500
040 ## - مصدر الفهرسة
وكالة الفهرسة الأصلية GCL /
وكالة النسخ GCL
082 04 - رقم تصنيف ديوى العشرى
رقم التصنيف 910.0943
رقم المادة D D
100 1# - المدخل الرئيسى - إسم شخصى
الإسم الشخصى DIECKMANN-JUNG, INGRID
245 10 - بيان العنوان
العنوان DEUTSCHLAND : STADTE UND LANDSCHAFTEN /
بيان المسئوليه,etc DIECKMANN-JUNG, INGRID
260 ## - PUBLICATION, DISTRIBUTION, ETC. (IMPRINT)
تاريخ النشر أو التوزيع 1983
300 ## - الوصف المادى
التعداد 144
650 04 - المدخل الاضافى بالموضوع-مصطلح موضوعى
مصطلح موضوعي GERMANY
650 04 - المدخل الاضافى بالموضوع-مصطلح موضوعى
مصطلح موضوعي VOYAGES AND TRAVELS
650 04 - المدخل الاضافى بالموضوع-مصطلح موضوعى
مصطلح موضوعي VOYAGES
942 ## - عناصر المدخل الإضافي( كوها)
مصدر التصنيف او مخطط الترفيف Dewey Decimal Classification
Koha [default] item type كتاب
260 ## - PUBLICATION, DISTRIBUTION, ETC. (IMPRINT)
-- [S.N] :
-- PRISMA VERLAG ،
Holdings
حالة التراجع حالة الفقد حالة تلف ليس للاعارة المكان المؤقت الموقع الحالى تاريخ الاكتساب اجمالي اﻻعارات رقم الطلب الباركود تاريخ اخر مشاهدة تاريخ تفعيل السعر نوع وعاء كوها
        مكتبة القاهرة الكبرى مكتبة القاهرة الكبرى 03/26/2014   910.0943\D D 44773 03/26/2014 03/26/2014 كتاب

Powered By

EGPV